| 000 | 00487nam a22001577a 4500 | ||
|---|---|---|---|
| 008 | 160208b xxu||||| |||| 00| 0 eng d | ||
| 020 | _a0763748982 | ||
| 100 | _aButts Janie B. | ||
| 245 |
_aNursing Ethics _bAcross the Co-Curriculum abd into Practice _cJanie B. Butts |
||
| 250 | _a2nd ed | ||
| 260 |
_aUSA _bJones and Bartlett _c2008 |
||
| 300 | _axviii, 562 p. | ||
| 650 | _2Nursing Ethics | ||
| 700 | _aKaren L. Rich | ||
| 942 |
_2lcc _cBK _e2nd ed _hRT 85 _k. B88 2008 c.1 |
||
| 999 |
_c15601 _d15601 |
||